Statistics for Longest Great Circle Line Within a Country

Click here to take the quiz!

General Stats

  • This quiz has been taken 50 times
  • The average score is 17 of 20

Answer Stats

Distance (km)Great CircleCountry% Correct
3704Jammu and Kashmir to Nicobar IslandsIndia
100%
8099Krasnodar Krai to Medny IslandRussia
100%
13000Northumberland County to Falkland IslandUnited Kingdom
100%
15324Guam to US Virgin IslandsUnited States
100%
5101Amazonas to Ilhas de Martim VazBrazil
94%
5566Yukon to NewfoundlandCanada
94%
5049Heilongjiang to Cuarteron ReefChina
94%
8035McDonald Island to Mellish ReefAustralia
91%
9983New Caledonia to Clipperton IslandFrance
91%
5237Aceh to PapuaIndonesia
91%
4661Easter Island to Antártica ChilenaChile
89%
3143Yonaguni to Minami-Tori-shimaJapan
89%
3694Jujuy to Tierra del FuegoArgentina
87%
3357Guadalupe Island to Banco ChinchorroMexico
83%
5709Penrhyn, Cook Islands to Adams IslandNew Zealand
79%
3600Greenland to ZealandDenmark
72%
2859Limpopo to Marion IslandSouth Africa
68%
2962West Kazakhstan to East KazakhstanKazakhstan
64%
2861Ngulu Atoll to Kosrae IslandFS Micronesia
57%
4571Banaba Island to Caroline IslandKiribati
53%

Score Distribution

Percentile by Number Answered

Percent of People with Each Score

Your Score History

You have not taken this quiz